000 01812cad a22003015a 4500
001 L160157
008 180904u20180410xxk g 000 0 eng d
035 _a(Sirsi) u160157
041 0 _aeng
050 0 4 _a630
110 _aRoyal Institution of Chartered Surveyors
_94900
245 0 4 _aNew money in rural areas
_bassessing the impacts of investment in rural land assets
_h[electronic resource]
260 _aLondon
_bRICS
_c2018
490 0 _aRICS Research
520 _aExamines the economic, social and environmental impacts on rural localities and communities of new investment, and seeks to answer: how can the benefits of new money flowing into rural areas be maximised and how can potential negative externalities be mitigated? Through ten case studies from across Europe (including Trump International Golf Links in Scotland, Moominworld Ltd in Finland and James Dyson's Beeswax Farming Ltd in the UK) assessed against an appraisal framework, the report covers both existing activities and land uses, such as a vineyard and farming, and transformational changes, including a theme park, golf course and renewable energy. The report finds many examples of good local relationships between investors and communities that are delivering positive outcomes, but also examples characterised by growing mistrust and suspicion.
590 _aKA NTK
651 4 _aUnited Kingdom
690 _aRural
_96268
690 _aLand use
_96251
690 _aInvestments
_96250
700 1 _aGallent, Nick
700 1 _aHamiduddin, Iqbal
700 1 _aJuntti, Meri
700 1 _aLivingstone, Nicola
700 1 _aStirling, Phoebe
856 4 0 _uhttps://www.propertyresearchtrust.org/uploads/1/3/4/8/134819607/research_new_money_in_rural_areas.pdf
_zView via the Property Research Trust
942 _n0
_2ddc
999 _c116246
_d116246